000 01120cam a22003257a 4500
003 CHAP
005 20220329133018.0
008 971013s1990 r 00010 d
010 _a1276
011 _a2248
035 _a1441
040 _cCHAP
090 _aTesis
100 0 0 _aBello Baltazar, Eduardo.
_911389
245 0 _aDinámica económica y social de las familias campesinas de Yaxcabá, Yucatán
_b: 1981-1989
260 _aMontecillo, Méx, :
_bEl autor,
_c1990
300 _a237 h.
502 _aTesis (M.C. Esp. en Desarrollo Rural) -- C.P. Centro de Estudios para el Desarrollo Rural
590 _aALEPH
_b10
_c20130110
_lUCH01
_h1207
590 _aBATCH-UPD
_b10
_c20130110
_lUCH01
_h1520
590 _aBATCH-UPD
_b10
_c20130410
_lUCH01
_h0933
590 _aBATCH-UPD
_b10
_c20130914
_lUCH01
_h0558
590 _aCONVERSION
_b10
_c20130109
_lUCH01
_h1302
650 1 4 _aAgricultura
_xAspectos economicos
_xYucatan.
_91306
650 1 4 _aCampesinado
_xYucatán.
_918049
901 _aBK
942 _cFOLL
949 _bBC
_cTES
_d-10927
_eTS1
_h23369
_i1441
_si
949 _bBC
_cTES
_d-71764
_eTS2
_fc.2
_h23372
_i1441
_si
999 _c1276
_d1276